| 000 | 01722nam a2200241Ia 4500 | ||
|---|---|---|---|
| 003 | CO-CtgCURN | ||
| 005 | 20250407233635.0 | ||
| 008 | 190722s9999 xx 000 0 und d | ||
| 020 | _a9587010507 | ||
| 040 |
_aCO-CtgCURN _bspa _ccoctgcurn |
||
| 082 |
_a340.11 _bS729 |
||
| 100 |
_aSouza, Maria de Lourdes _eautora _96942 |
||
| 245 | 0 |
_aEl uso alternativo del derecho : _bgénesis y evolución en Italia, España y Brasil / _cMaria de Lourdes Souza |
|
| 260 |
_aBogotá, Colombia : _bUnibiblos, _c2001 |
||
| 300 |
_a355 páginas ; _c21 centímetros. |
||
| 505 | _aPt.1. Génesis, desarrollo y evolución del uso alternativo del derecho en los contextos italiano y español - Cap.1. Primeros atisbos del movimiento del uso alternativo del derecho: panorama histórico, económico, social y político - Cap.2. Nacimiento, desarrollo y evolución del uso alternativo del derecho en Italia - Cap.3. Génesis y desarrollo del uso alternativo del derecho en España - Cap.4. Del uso alternativo del derecho a la teoría del garantismo: ¿ruptura o evolución? - Pt.2. Génesis, desarrollo y evolución del uso alternativo del derecho en el contexto brasileño -Cap.5. Movimiento del uso alternativo del derecho en Brasil: panorama histórico, económico, social, político y jurídico - Cap.6. El uso alternativo del derecho en Brasil: génesis, desarrollo y evolución - Cap.7. El derecho alternativo como propuesta paradigmática de una nueva cultura jurídica. | ||
| 521 | _aAREA PROFESIONAL | ||
| 590 | _aPrograma de Derecho_18 | ||
| 650 |
_aDerecho _96943 |
||
| 650 |
_aDerecho _xTeorias _96944 |
||
| 942 |
_cBK _h340.11 _iS729 _2ddc _n0 |
||
| 999 |
_c28173 _d28173 |
||